00477 a2200145 4500001001000000005001700010008004100027245009900068100001600167700002400183700001600207700002300223700002000246773006500266ART_4498320260410162039.0260409a 10aDiferenciación social y procesos de mercantilización en los campesinos de la puna jujeña1 aPaz, Raúl1 aSosa Valdez, Freddy1 aLamas, Hugo1 aEchazú, Fernando1 aCalifano, Laura0 tEstudios del trabajog- Nº 43/44 (ene./dic. 2012)wREV44896